00418cam a2200157ua 45000010005000000080039000050400009000440820011000532450054000642500012001182600030001303000015001606530014001756530032001897000039002211183110611n ii |||gr||||Z||||||asm cMAIN a339.3210aJatiyo aai aru kalyancby Karoona Kanta Borgohain a3rd ed. aDibrugarh:bBanalata,991. a208p.:5cm. aEconomics aNational income and welfare1 aBorgohain, Karoona Kanta,eAuthor.